Guess The American Brands! #12 - Statistics

General Stats
  • This quiz has been taken 31 times
  • The average score is 11 of 20
Answer Stats
Picture Answer % Correct
The Cheesecake Factory
88%
Toy Story
88%
Costco
81%
K-Swiss
77%
Olive Garden
77%
Clorox
73%
OTIS
73%
The Incredibles
73%
Crayola
69%
Gopro
62%
MIT
50%
Powerade
42%
Cnet
35%
Eastpak
31%
Pepsico
31%
Wordpress
31%
Herbalife
27%
Nasdaq
27%
Samsonite
27%
Tupperwar
23%
No matching quizzes found
Score Distribution
Percent of People with Each Score
Percentile by Number Answered
Your Score History
You have not taken this quiz